| 000 | 00624nam a2200205Ia 4500 | ||
|---|---|---|---|
| 005 | 20250923145346.0 | ||
| 008 | 008 250917s9999 xx 000 0 eng d | ||
| 037 | _aTextual | ||
| 040 |
_aDSWL _beng _cDSWL |
||
| 041 |
_aeng _2eng |
||
| 084 |
_aV2:47.222'N24, N75 _qDSWL |
||
| 100 |
_aRavindran, T.K. _9834462 |
||
| 245 | 0 |
_aVaikkam Satyagraha and Gandhi _c by T.K. Ravindran |
|
| 260 |
_aTrichur _bSir Narayana Instt. of Social Culture development _c1975 |
||
| 300 | _a372p. | ||
| 365 |
_aINR _b67 . 50 |
||
| 925 | _g67 . 50 | ||
| 942 |
_cTEXL _hV2:47.222'N24, N75 |
||
| 999 |
_c1450427 _d1450427 |
||